• 首页
  • 本馆介绍
  • 公告通知
  • 最新文献
  • 馆藏检索
  • 电子资源
  • 读者导购
  • 参考咨询
  • 我的图书馆
  • 登录
  • 详细信息显示
  • 放入我的书架
  • 预约/预借图书
  • 作者相关作品
  • 分类相关作品
  • 丛书相关作品
  • 出版社相关作品

书目信息

  • 表格格式
  • 工作单格式
  • 卡片格式
题名:
陈涉世家注释
    
 
作者: ;北京印刷三工厂书版印刷车间理论小组 注
分册:  
出版信息: 北京   中华书局  1975
页数: 19页
开本: 19cm
丛书名: 农民战争史资料选注
单 册:
中图分类: K233.01
科图分类:
主题词: 陈胜、吴广起义
电子资源:
ISBN:
000 00778nam2 2200253 45
001 0175003410
005 20060731082944.06
010    @dCNY0.07
100    @a19951020d1975 em y0chiy0121 ea
101 0  @achi
102    @aCN@b110000
105    @ay z 000yy
200 10 @a陈涉世家注释@Achen she shi jia zhu shi@f北京印刷三厂书版印刷车间理论小组注
210    @a北京@c中华书局@d1975
215    @a19页@d19cm
225 2  @a农民战争史资料选注
410  0 @120010@a农民战争史资料选注
605    @a陈涉世家@x注释
606    @a陈胜、吴广起义
690    @aK233.01@v3
711 02 @a北京印刷三工厂书版印刷车间理论小组@Abei jing yin shua san gong chang shu ban yin shua che jian li lun xiao zu@4注
801  2 @aCN@bNLC@c20060731
801  0 @aCN@bTSSF
905    @a10447@dK233.01@e31
    
    陈涉世家注释/北京印刷三厂书版印刷车间理论小组注.-北京:中华书局,1975
    19页;19cm.-(农民战争史资料选注)
    
    
    ISBN :CNY0.07
    
●
相关链接 在E读中查询图书 在五车中查询图书 在当当中查询图书 在豆瓣中查询图书


正题名:陈涉世家注释     索取号:K233.01/31         预约/预借

序号 登录号 条形码 馆藏地/架位号 状态 备注
1 0443822   204438224   密集书库/ [索取号:K233.01/31] 在馆    
唐山师范学院图书馆 欢迎您!
大连网信软件有限公司© 版权所有